<?xml version="1.0" encoding="UTF-8"?>
<collection xmlns="http://www.loc.gov/MARC21/slim">
 <record>
  <leader>02325nam a2200217Ia 4500</leader>
  <controlfield tag="001">TDMU_33061</controlfield>
  <controlfield tag="008">210410s9999    xx            000 0 und d</controlfield>
  <datafield tag="082" ind1=" " ind2=" ">
   <subfield code="a">530.092</subfield>
  </datafield>
  <datafield tag="090" ind1=" " ind2=" ">
   <subfield code="b">P206</subfield>
  </datafield>
  <datafield tag="100" ind1=" " ind2=" ">
   <subfield code="a">Perinova, Vlasta</subfield>
  </datafield>
  <datafield tag="245" ind1=" " ind2="0">
   <subfield code="a">Phase in optics</subfield>
  </datafield>
  <datafield tag="245" ind1=" " ind2="0">
   <subfield code="c">Vlasta Perinova, Antonin Luks and Jan Perina</subfield>
  </datafield>
  <datafield tag="260" ind1=" " ind2=" ">
   <subfield code="a">Singapore</subfield>
  </datafield>
  <datafield tag="260" ind1=" " ind2=" ">
   <subfield code="b">World Scientific</subfield>
  </datafield>
  <datafield tag="260" ind1=" " ind2=" ">
   <subfield code="c">1998</subfield>
  </datafield>
  <datafield tag="300" ind1=" " ind2=" ">
   <subfield code="a">ix, 452 p.</subfield>
  </datafield>
  <datafield tag="520" ind1=" " ind2=" ">
   <subfield code="a">Includes bibliographical references (p. 415-441) and index.; This book is devoted to the classical and quantum phases in wave and particle optics from the viewpoint of both theory and applications. Wave and beam light optics are reviewed in considerable detail, featuring optical imaging and holography in linear optics and phase conjugation methods in nonlinear optics. Photon optics is embodied here as quantum optics with the modes treated as quantum harmonic oscillators. The importance of the Wigner function for the phase space description in the context of canonical quantization is respected and the method of quasidistributions related to operator orderings in the second-quantized theory is exposed. The history of the quantum phase problem, characterized by renewed interest in the solution to the problem, is included and brought up to date. Approaches based on exponential phase operators, discrete phase states, the enlargement of the Hilbert space of the harmonic oscillator leading to the phase representations and distributions, together with solutions motivated by the quasidistributions, are introduced. The operational approach to the quantum phase is contrasted with the previous formalisms. The results of the study of the coherent states and the ordinary squeezed states from the viewpoint of the quantum phase and those of the analysis of the quantum statistics of phase-related special states of the light field are provided. The quantum phase is also treated with respect to quantum interferometry, particle </subfield>
  </datafield>
  <datafield tag="650" ind1=" " ind2=" ">
   <subfield code="a">Quantum optics.; Optical phase conjugation.; Phase space (Statistical physics); Quang học lượng tử; Không gian(Vật lý thống kê); Liên hợp pha quang</subfield>
  </datafield>
  <datafield tag="700" ind1=" " ind2=" ">
   <subfield code="a">Luks, Antonin</subfield>
  </datafield>
  <datafield tag="856" ind1=" " ind2=" ">
   <subfield code="u">http://lrc.tdmu.edu.vn/opac/search/detail.asp?aID=2&amp;ID=33061</subfield>
  </datafield>
  <datafield tag="980" ind1=" " ind2=" ">
   <subfield code="a">Trung tâm Học liệu Trường Đại học Thủ Dầu Một</subfield>
  </datafield>
 </record>
</collection>
